000 00461nam a2200169Ia 4500
005 20250703103915.0
008 231207s9999 xx 000 0 und d
020 _a9780520044739
040 _cPK-LaNCA
082 _aMPH 821
_bBLA
100 _aBlake, William
245 4 _aThe complete poetry and prose of William Blake
260 _bUniversity of California Press
_aBerkeley
_c1982
300 _axxvi, 990p
650 _aEnglish poetry
942 _cM.PHIL.
999 _c25829
_d25829